LEADER 01558nam a2200289 4500 001 000000355857 003 CaOOAMICUS 005 20250707152938.0 008 231020s2023 it a 000 u ita r 020 $a978-88-935972-7-2 040 $aSeMil$bita 100 1 $aBöninger, Lorenz.$0(OLS)http://semarc/name/118549 245 13$aIl mercato del libro nella Firenze del Rinascimento :$bla bottega del cartolaio Benedetto di Giovanni e la lite per l'eredità di Peter Ugelheimer : studi e documenti /$cLorenz Böninger. 264 1$aRoma :$bEdizioni di Storia e Letteratura,$c2023. 300 $aVIII, 231 p. :$bill. ;$c24 cm 490 1 $aLibri, carte, immagini ;$v17 600 14$aUgelheimer, Peter .$0(OLS)http://semarc/subject/58098 650 4$aFirenze - Cultura - Rinascimento.$0(OLS)http://semarc/subject/54678 650 4$aLibro - Storia.$0(OLS)http://semarc/subject/48609 830 0$aLibri, carte, immagini ;$v17.$0(OLS)http://semarc/title/446076 850 $aSeMil 852 $aSeMil$W1$xVenegono$y1$m3Y III 79$j259230$B247066$CSeMilBibl$Z2$F247066 $81 961 $aTedesco Alessandro - Omaggio 996 $6020$a978-88-935972-7-2$9(OLS)http://semarc/number/299153 996 $6245$aIl mercato del libro nella Firenze del Rinascimento :$bla bottega del cartolaio Benedetto di Giovanni e la lite per l'eredità di Peter Ugelheimer : studi e documenti$9(OLS)http://semarc/title/446075 996 $6264$aRoma :$bEdizioni di Storia e Letteratura$9(OLS)http://semarc/publisher/29779 LEADER 01217nam a2200241 i 4500 001 000000198052 003 CaOOAMICUS 005 20110224000000.0 008 110224s1982 sz u000 u eng u 013 $a176740 020 $a2-88070-017-5 040 $aSeMil$bita 100 1 $aConsiglio delle Conferenze Episcopali d'Europa.$0(OLS)http://semarc/name/90401 245 10$aCalled to one hope :$breport of the Second European Ecumenical Encounter, 16th-20th November 1981, Logumkloster, Denmark /$cConsilium Conferentiarum Episcoporum Europae and Conference of European Churches. 260 $aGeneva :$bWorld Council of Churches,$c1982. 300 $a78 p. ;$c21 cm. 700 1 $aConference of European Churches.$0(OLS)http://semarc/name/71660 850 $aSeMil 852 $aSeMil$W1$xVenegono$y1$m5D VIII 13/25$j148608$B148608$CSeMilBibl$Z2$F160000 $81 961 $aOmaggio: Altro 996 $6020$a2-88070-017-5$9(OLS)http://semarc/number/190265 996 $6245$aCalled to one hope :$breport of the Second European Ecumenical Encounter, 16th-20th November 1981, Logumkloster, Denmark$9(OLS)http://semarc/title/286076 996 $6260$aGeneva :$bWorld Council of Churches$9(OLS)http://semarc/publisher/30619